书目信息 |
| 题名: |
土力学教学与教育
|
|
| 作者: | 李广信 , 杜修力 主编 | |
| 分册: | 2006 | |
| 出版信息: | 北京 人民交通出版社 2006.08 |
|
| 页数: | 483页 | |
| 开本: | 26cm | |
| 丛书名: | ||
| 单 册: | ||
| 中图分类: | TU43-42 | |
| 科图分类: | ||
| 主题词: | 土力学--tu li xue--教学研究--高等学校--学术会议--文集 | |
| 电子资源: | ||
| ISBN: | 7-114-06078-5 | |
| 000 | 01148nam0 2200277 450 | |
| 001 | 012006139276 | |
| 005 | 20061205151102.51 | |
| 010 | @a7-114-06078-5@dCNY80.00 | |
| 100 | @a20061105d2006 km y0chiy0120 ea | |
| 101 | 0 | @achi |
| 102 | @aCN@b110000 | |
| 105 | @ay a 000yy | |
| 200 | 1 | @a土力学教学与教育@Atu li xue jiao xue yu jiao yu@e第一届全国土力学教学研讨会论文集@h2006@f李广信, 杜修力主编@Fli guang xin,du xiu li zhu bian |
| 210 | @a北京@c人民交通出版社@d2006.08 | |
| 215 | @a483页@d26cm | |
| 312 | @a英文题名取自封底 | |
| 320 | @a有书目 (第482-483页)。 | |
| 330 | @a本论文集共收录了土力学教学论文99篇,内容包括专题报告、教学改革与教学研究、课程建设、教学法、实践教学、研究生教学、教学中的土力学问题,共7个部分。 | |
| 510 | 1 | @aFirst symposium on education of soil mechanics cismge@zeng |
| 517 | 1 | @a第一届全国土力学教学研讨会论文集@Adi yi jie quan guo tu li xue jiao xue yan tao hui lun wen ji |
| 606 | 0 | @a土力学@Atu li xue@x教学研究@x高等学校@x学术会议@j文集 |
| 690 | @aTU43-42@v4 | |
| 701 | 0 | @a李广信@Ali guang xin@4主编 |
| 701 | 0 | @a杜修力@Adu xiu li@4主编 |
| 801 | 0 | @aCN@c20061205 |
| 905 | @a10447@dTU43-42@eL167 | |
| 土力学教学与教育:第一届全国土力学教学研讨会论文集.2006/李广信, 杜修力主编.-北京:人民交通出版社,2006.08 |
| 483页;26cm |
| ISBN 7-114-06078-5:CNY80.00 |
| 本论文集共收录了土力学教学论文99篇,内容包括专题报告、教学改革与教学研究、课程建设、教学法、实践教学、研究生教学、教学中的土力学问题,共7个部分。 |
| ● |
| 相关链接 |
|
|
|
正题名:土力学教学与教育
索取号:TU43-42/L167
 
预约/预借
| 序号 | 登录号 | 条形码 | 馆藏地/架位号 | 状态 | 备注 |
| 1 | 226272 | 202262728 | 建筑库101/101建筑库 95排2列4层/ [索取号:TU43-42/L167] | 在馆 | |
| 2 | 226273 | 202262737 | 建筑库101/101建筑库 95排2列4层/ [索取号:TU43-42/L167] | 在馆 | |
| 3 | 226274 | 202262746 | 建筑库101/101建筑库 95排2列4层/ [索取号:TU43-42/L167] | 在馆 |